LEADER 01370nam a2200217 4500 001 000000341282 003 CaOOAMICUS 005 20200729090653.0 008 200729s1858 it 000 u ita r 040 $aSeMil$bita 100 11$aSegneri, Paolo,$c.$0(OLS)http://semarc/name/3164 245 03$aIl frate :$bcinque articoli estratti dalla Civiltà Cattolica, numm. 191, 192, 194, 195, 196 nei quali si cercano le cagioni morali e gli effetti economici dell'odio che gli porta il mondo : colla giunta del discorso sopra gli ordini religiosi del p. Paolo Segneri D.C.D.G. 264 1$aRoma :$bCoi tipi della Civiltà Cattolica,$c1858. 300 $a111 p. ;$c24 cm 650 4$aFrati.$0(OLS)http://semarc/subject/49358 650 4$aOrdini religiosi.$0(OLS)http://semarc/subject/1358 850 $aSeMil 852 $aSeMil$W1$xVenegono$y1$m3Z V 18/14 FA$j220045$B232260$CSeMilBibl$Z2$F232260 $8I 996 $6245$aIl frate :$bcinque articoli estratti dalla Civiltà Cattolica, numm. 191, 192, 194, 195, 196 nei quali si cercano le cagioni morali e gli effetti economici dell'odio che gli porta il mondo : colla giunta del discorso sopra gli ordini religiosi del p. Paolo Segneri D.C.D.G.$9(OLS)http://semarc/title/430311 996 $6264$aRoma :$bCoi tipi della Civiltà Cattolica$9(OLS)http://semarc/publisher/37742 LEADER 00669nam a2200181 i 4500 001 000000103877 003 CaOOAMICUS 005 20011018000000.0 008 011018s1986 fr u000 u mul u 013 $a76058 040 $aSeMil$bita 110 2 $aÉcole biblique de Jérusalem.$0(OLS)http://semarc/name/1488 245 10$aMande-Neh. 300 $a656 p. 773 0 $aÉcole biblique de Jérusalem$tCatalogue de la Bibliothèque de l'École Biblique de Jerusalem.$dParis : Gabalda, 1986.$gTome8$w()1642 850 $aSeMil 852 $aSeMil$W1$xVenegono$y1$mSL1.R VIII 23$j60324$B60324$CSeMilBibl$Z2$F44797 $8I 996 $6245$aMande-Neh$9(OLS)http://semarc/title/150723